Presagios de la vida en Nosgoth /

Detalles Bibliográficos
Autor principal: Bermeo Palacios, Juan Fernando (Autor)
Formato: Electrónico eBook
Lenguaje:español
Publicado: Cuenca, Ecuador : Universidad del Azuay, Casa Editora, [2023]
Materias:
Acceso en línea:Digitalia Hispánica

MARC

LEADER 00000nam a2200000Ii 4500
001 DIGUAZUAY0232
003 NyNyDIG
006 m o d
007 cr |||||||||||
008 250103s2023 ec o 000 p spa d
035 |a (OCoLC)1491107569 
040 |a DGITA  |b eng  |e rda  |e pn  |c DGITA 
020 |a 9789942618986  |q eBook 
020 |z 9789942618979 
050 1 4 |a PQ8220.412.E57 ebook 
100 1 |a Bermeo Palacios, Juan Fernando,  |e author. 
245 1 0 |a Presagios de la vida en Nosgoth /  |c Juan Fernando Bermeo Palacios. 
264 1 |a Cuenca, Ecuador :  |b Universidad del Azuay, Casa Editora,  |c [2023] 
300 |a 1 online resource. 
336 |a text  |b txt  |2 rdacontent 
337 |a computer  |b c  |2 rdamedia 
338 |a online resource  |b cr  |2 rdacarrier 
347 |a text file  |2 rdaft 
347 |b PDF 
588 0 |a Online resource; title from PDF title page (Digitalia, viewed January 3, 2025) 
655 7 |a Poetry.  |2 lcgft 
791 2 |a Digitalia (Firm),  |e distributor. 
793 0 |g Digitalia eBook Collection:  |a Universidad del Azuay 
776 0 8 |i Print version:  |a Bermeo Palacios, Juan Fernando.  |t Presagios de la vida en Nosgoth.  |d Cuenca, Ecuador : Universidad del Azuay, Casa Editora, [2023]  |z 9789942618979 
856 4 0 |3 Digitalia Hispánica  |u https://www.digitaliapublishing.com/a/134026/ 
910 |a Premium collection: 2025